000 00473nam a2200205Ia 4500
008 170918s9999 xx 000 0 und d
020 _a9780545631594
050 _bA759 2014
100 _aArnold, Tedd
245 _aFly guy presents :
245 _bdinosaurs /
245 _cTedd Arnold.
260 _aNew York :
260 _bScholastic,
260 _c2014
300 _aunpaged :
300 _bcolored illustration ;
440 _aFly guy.
500 _a570
999 _c342583
_d342583